Statistics for Noun or Verb Puzzle #1

Click here to take the quiz!

General Stats

  • This quiz has been taken 1,013 times
  • The average score is 13 of 20

Answer Stats

Answer% Correct
Ring
94%
Fly
89%
Bow
87%
Toast
87%
Change
80%
Ape
78%
Suit
77%
Break
75%
Knot
74%
Match
68%
Plane
64%
Tear
63%
Die
61%
Pine
56%
Wake
55%
Block
54%
Count
48%
Record
46%
Coach
25%
Object
25%

Score Distribution

Percentile by Number Answered

Percent of People with Each Score

Your Score History

You have not taken this quiz